Reforma de la atención médica en escenarios locales. (Registro nro. 462)

Detalles MARC
000 -LEADER
fixed length control field 01082 am a2200277 a 4500
005 - FECHA ULTIMA MODIFICACION
control field 20240222134419.0
008 - CAMPO DE CONTROL (LIBRO)
fixed length control field 100701s2003||||ag # f |||| 001 0 spa d
020 ## - INTERNATIONAL STANDARD BOOK NUMBER
ISBN 9508921560
041 ## - CODIGO DE IDIOMA
Código de idioma del texto/pista de sonido o título separado spa
092 ## - SIGNATURA TOPOGRAFICA DEWEY LOCAL
número de clasificación 614.44
libristica 6
sección BEL
100 1# - ENTRADA PRINCIPAL--NOMBRE PERSONAL
Nombre personal Belmartino, Susana.
9 (RLIN) 1103
245 ## - TITULO PROPIAMENTE DICHO
Título Reforma de la atención médica en escenarios locales.
Subtítulo y Título paralelo 1990-2000 /
Mención de responsabilidad y remanente de la transcripción de la portada Susana Belmartino
250 ## - MENCION DE EDICION
Mención de edición 1a ed.
260 ## - PIE DE IMPRENTA
Lugar de publicación, distribución, etc Buenos Aires:
Nombre de la editorial, distribuidor, etc Lugar Editorial;
Fecha de publicación 2003.
300 ## - DESCRIPCION FISICA
Extension 208 p.
Dimensiones 23x16 cm.
500 ## - NOTA GENERAL
Nota general Belmartino, S., Bloch, C. y Bascolo, E. (2003). Reforma de la atención médica en escenarios locales. 1990-2000. (1a ed.). Buenos Aires : Lugar Editorial.
590 ## - NOTAS LOCALES (RLIN)
Nota local Donación Editorial Lugar, Nov.2005
653 ## - TÉRMINO INDIZADO - PALABRAS CLAVES
Palabra clave Proyecto de investigación
653 ## - TÉRMINO INDIZADO - PALABRAS CLAVES
Palabra clave Procesos de cambio: cronología, estímulos, resultados
653 ## - TÉRMINO INDIZADO - PALABRAS CLAVES
Palabra clave Experiencias de cambio, avances y frustraciones
653 ## - TÉRMINO INDIZADO - PALABRAS CLAVES
Palabra clave Conflicto político-ideológico en las organizaciones de profesionales
700 1# - ENTRADAS SECUNDARIAS - NOMBRE PERSONAL
Nombre personal Bloch, Carlos.
9 (RLIN) 1104
700 1# - ENTRADAS SECUNDARIAS - NOMBRE PERSONAL
Nombre personal Bascolo, Ernesto.
9 (RLIN) 1105
930 ## - NUMERO DE INVENTARIO
Número de inventario 1355
942 ## - ADDED ENTRY ELEMENTS (KOHA)
Source of classification or shelving scheme Dewey Decimal Classification
Item type Libros
Existencias
Estado de retiro Existencia Estado general No para prestamo Ubicación permanente ubicación actual Sala de ubicación Fecha de adquisición Total Checkouts Número de clasificación Código de barras Date last seen Número de ejemplar Price effective from Koha tipo de elemento (item)
        Biblioteca Medicina Biblioteca Medicina Circulación 13/05/2011   614.44 6 BEL 1355 06/11/2014 ej.1 13/05/2011 Libros

UNIVERSIDAD NACIONAL DEL COMAHUE
Biblioteca de la Facultad de Ciencias Médicas
Sede Toschi: Los Arrayanes y Av. Toschi, Cipolletti  - Rio Negro
Sede Los Tordos:  Yrigoyen al 2211, Cipolletti - Rio Negro 

Teléfono: 0299 - 4774707 int 25
Contacto: biblioteca@facimed.uncoma.edu.ar
© 2011 - 2026